| 000 | 00820nam a22002057a 4500 | ||
|---|---|---|---|
| 003 | 0 | ||
| 005 | 20250214103322.0 | ||
| 008 | 250213b xxu||||| |||| 00| 0 eng d | ||
| 050 |
_aBF 575.L8 _b.C67 2024 |
||
| 100 | _aCortez, Francene A. | ||
| 245 |
_aRelationship satisfaction and emotional distress in close-at-hand couples _cFrancene A. Cortez |
||
| 260 |
_aLas Pinas City _bSouthville International School and Colleges _c2024 |
||
| 300 |
_aix, 108 pages; _c28cm. |
||
| 500 | _aBachelor of Science in Psychology. | ||
| 504 | _aIncludes bibliographical references and appendices. | ||
| 650 | _aRelationship satisfaction—Psychological effects--Couples. | ||
| 650 | _aEmotional distress—Romantic relationships. | ||
| 650 | _aRomantic partnerships—Satisfaction -- Psychological well-being. | ||
| 942 |
_2lcc _cTH |
||
| 999 |
_c367217 _d367217 |
||